| 000 | 00443nam a2200181Ia 4500 | ||
|---|---|---|---|
| 003 | GCL | ||
| 008 | 140319s9999 xx 000 0 eng d | ||
| 040 |
_aGCL / _cGCL |
||
| 082 | 0 | 4 |
_aCH _b813.087 _bC A |
| 100 | 1 | _aCARRALL, LEWIS | |
| 245 | 1 | 0 |
_aALICE IN WONDERLAND / _cCARRALL, LEWIS |
| 260 |
_a[S.N] : _bPRIORY BOOKS |
||
| 650 | 0 | 4 | _aLITERATURE |
| 650 | 0 | 4 | _aCHILDREN |
| 650 | 0 | 4 | _aTALES |
| 650 | 0 | 4 | _aCHILDREN - STORIES |
| 942 |
_2ddc _cBK |
||
| 999 |
_c17872 _d17872 |
||